000 00408nam a2200157Ia 4500
001 25761
003 IN-NITTTR
005 20251114233326.0
008 251113s9999||||xx |||||||||||||| ||eng||
040 _beng
040 _cIN-NITTTR
041 _aeng
082 _a610.3 N42
245 4 _aThe new international Webster's pocket medical and first aid dictionary of the English language. /
942 _2ddc
_cBK
999 _c28390
_d28390